[Event "Open Vysočina 2017"]
[Site "Třebíč"]
[Date "2017.09.26"]
[Round "4"]
[White "Keerthana, Easwar"]
[Black "Norlander, Svante"]
[Result "1-0"]
[WhiteElo "1159"]
[BlackElo "1583"]
[PlyCount "131"]
[EventDate "2017.09.23"]

1. e4 d5 2. exd5 Nf6 3. Nf3 Nxd5 4. Bc4 e6 5. O-O Be7 6. Nc3 O-O 7. Bxd5 exd5
8. d3 d4 9. Ne2 Bg4 10. Nexd4 c5 11. Nb3 Bf6 12. h3 Bxf3 13. Qxf3 Qb6 14. Be3
Nd7 15. Rfe1 Rac8 16. c3 a5 17. d4 c4 18. d5 Qa6 19. Nd4 Ne5 20. Qg3 Nd3 21.
Re2 Be5 22. Qg4 b5 23. Nf5 Kh8 24. Bd4 Qf6 25. f4 Bxd4+ 26. cxd4 g6 27. Ne3
Qxd4 28. Rf1 Rce8 29. Qf3 Re4 30. Kh1 Rxf4 31. Qg3 Rxf1+ 32. Nxf1 Qxd5 33. Qh4
Kg7 34. Ne3 Qc6 35. Rc2 Re8 36. Qd4+ Kg8 37. Ng4 Re1+ 38. Kh2 Qc7+ 39. g3 Ne5
40. Nxe5 Qxe5 41. Qxe5 Rxe5 42. Rd2 Kg7 43. g4 g5 44. Kg3 h6 45. a3 a4 46. Kf3
Kf8 47. Rd8+ Ke7 48. Rh8 Re6 49. Rb8 Re5 50. Rh8 Rd5 51. Rxh6 Rd3+ 52. Ke4 Rd2
53. Kf5 Rxb2 54. Kxg5 c3 55. Rc6 c2 56. h4 Kd7 57. Rc3 b4 58. axb4 a3 59. Rd3+
Ke8 60. Re3+ Kf8 61. Rc3 Kg7 62. h5 f6+ 63. Kf5 a2 64. Rc7+ Kh6 65. g5+ Kxh5
66. Rh7# 1-0

[Event "Open Vysočina 2017"]
[Site "Třebíč"]
[Date "2017.09.26"]
[Round "4"]
[White "Micka, Josef"]
[Black "Rychtecky, Pavel"]
[Result "0-1"]
[WhiteElo "1345"]
[BlackElo "1527"]
[PlyCount "126"]
[EventDate "2017.09.23"]

1. Nf3 c5 2. c4 e6 3. b3 Nc6 4. Bb2 Nf6 5. g3 g6 6. Bg2 Bg7 7. O-O O-O 8. d3 d6
9. Nbd2 Qc7 10. e4 a6 11. Rb1 Nb4 12. Ne1 Nxa2 13. f4 Nb4 14. Ndf3 Nc6 15. Kh1
Ng4 16. Nc2 Qb6 17. Bxg7 Kxg7 18. Ng5 Nf6 19. Qe2 Qc7 20. Qe3 Bd7 21. d4 cxd4
22. Nxd4 h6 23. Ngf3 Rad8 24. Nxc6 Bxc6 25. e5 Ng4 26. Qc3 dxe5 27. Nxe5 Nxe5
28. fxe5 Bxg2+ 29. Kxg2 Rd5 30. Rbe1 Rfd8 31. Qf3 Rd2+ 32. Kh3 Qe7 33. Re4 R2d4
34. Rxd4 Rxd4 35. Qe3 Rd7 36. Rf4 g5 37. Rd4 Qc5 38. Re4 Qxe3 39. Rxe3 h5 40.
b4 Rd4 41. b5 axb5 42. cxb5 Rd5 43. b6 Rb5 44. Kg2 Rxb6 45. h4 g4 46. Re2 Rb3
47. Rd2 Re3 48. Rb2 Rxe5 49. Rxb7 Kg6 50. Kf2 Rf5+ 51. Kg2 e5 52. Rb6+ Rf6 53.
Rb5 Re6 54. Kf2 f6 55. Ke3 Ra6 56. Rb3 Ra1 57. Kf2 Ra2+ 58. Kg1 Rd2 59. Re3 Kf5
60. Kf1 e4 61. Ke1 Rd3 62. Ke2 Rxe3+ 63. Kxe3 Ke5 0-1

[Event "Open Vysočina 2017"]
[Site "Třebíč"]
[Date "2017.09.26"]
[Round "4"]
[White "Navratilova, Alena"]
[Black "Michalek, Miroslav"]
[Result "1/2-1/2"]
[WhiteElo "1692"]
[BlackElo "1720"]
[PlyCount "69"]
[EventDate "2017.09.23"]

1. Nf3 {[%emt 0:00:00]} d5 2. d4 c6 3. g3 Nf6 4. Bg2 Bf5 5. O-O h6 6. Nbd2 Nbd7
7. Re1 e6 8. c4 Be7 9. b3 O-O 10. Bb2 Ne4 11. a3 Rb8 12. Nxe4 dxe4 13. Nd2 Nf6
14. e3 b5 15. b4 a5 16. bxa5 Qxa5 17. cxb5 Qxb5 18. Bc3 Nd5 19. Qc2 Qd3 20.
Rec1 Qxc2 21. Rxc2 Nf6 22. Raa2 Rfc8 23. h3 Ra8 24. Bb4 Bxb4 25. axb4 Rab8 26.
Ra6 Rxb4 27. Raxc6 Rxc6 28. Rxc6 Rb2 29. Nf1 Nd5 30. Rc1 Nb4 31. Rd1 Nd3 32.
Nd2 Ne1 33. Rxe1 Rxd2 34. Rc1 Kf8 35. g4 1/2-1/2

[Event "Open Vysočina 2017"]
[Site "Třebíč"]
[Date "2017.09.26"]
[Round "4"]
[White "Sebek, Pavel"]
[Black "Ruzicka, Vaclav"]
[Result "0-1"]
[WhiteElo "1487"]
[BlackElo "1528"]
[PlyCount "90"]
[EventDate "2017.09.23"]

1. e4 {[%emt 0:00:00]} c6 2. Nf3 d5 3. exd5 cxd5 4. d4 Nc6 5. Be3 Nf6 6. Nc3
Bf5 7. Be2 e6 8. O-O a6 9. a3 Bd6 10. Bg5 h6 11. Bh4 O-O 12. Bg3 Bxg3 13. fxg3
Rc8 14. Nh4 Bh7 15. Rc1 Qb6 16. Kh1 Qxd4 17. Qe1 Qa7 18. Bd3 Bxd3 19. cxd3 Qd4
20. Rd1 Qe5 21. Qd2 Nh7 22. Rde1 Qg5 23. Qf2 Ne5 24. Qe2 Nc6 25. Nf3 Qg6 26. d4
b5 27. Qf2 Qf6 28. Qe3 Qd8 29. Ne2 Nf6 30. h3 a5 31. b3 b4 32. a4 Ne4 33. Nd2
Qg5 34. Qd3 Qxd2 35. Qf3 Qg5 36. Kh2 Nd2 37. h4 Nxf3+ 38. Rxf3 Qd2 39. Rff1
Nxd4 40. Nxd4 Qxd4 41. Rd1 Qc3 42. Rf3 Qc2 43. Rdf1 Rc3 44. R3f2 Qxb3 45. g4 d4
0-1

[Event "Open Vysočina 2017"]
[Site "Třebíč"]
[Date "2017.09.27"]
[Round "5"]
[White "Bick, Gabriel J"]
[Black "Bartos, Jan"]
[Result "1-0"]
[WhiteElo "2264"]
[BlackElo "2209"]
[PlyCount "53"]
[EventDate "2017.09.23"]

1. e4 {[%emt 0:00:00]} e5 2. Nf3 Nc6 3. Bc4 Nf6 4. d3 Be7 5. O-O O-O 6. Re1 d6
7. a4 Na5 8. Ba2 c5 9. c3 h6 10. b4 cxb4 11. cxb4 Nc6 12. b5 Nb4 13. Bb3 a6 14.
Ba3 d5 15. Nxe5 axb5 16. axb5 dxe4 17. Ng6 Bc5 18. Bxb4 Bxf2+ 19. Kxf2 Ng4+ 20.
Ke2 exd3+ 21. Qxd3 Re8+ 22. Ne7+ Rxe7+ 23. Bxe7 Qxe7+ 24. Kd2 Qg5+ 25. Kc3 Qf6+
26. Kb4 Ne5 27. Rxe5 1-0

[Event "Open Vysočina 2017"]
[Site "Třebíč"]
[Date "2017.09.27"]
[Round "5"]
[White "Plischki, Sebastian"]
[Black "Pribyl, Josef"]
[Result "1-0"]
[WhiteElo "2397"]
[BlackElo "2263"]
[PlyCount "101"]
[EventDate "2017.09.23"]

1. d4 {[%emt 0:00:00]} Nf6 2. c4 e6 3. Nc3 d5 4. cxd5 exd5 5. Bg5 Be7 6. e3 h6
7. Bh4 b6 8. Bd3 Bb7 9. Nf3 Nbd7 10. O-O O-O 11. Qc2 Re8 12. Bg3 a6 13. Rad1
Bf8 14. Bf5 g6 15. Bh3 Nh5 16. Bh4 Be7 17. Bxe7 Qxe7 18. Na4 Rac8 19. Rc1 Nhf6
20. b3 Kg7 21. Rfd1 c5 22. Nxb6 Nxb6 23. Bxc8 Rxc8 24. dxc5 Nbd7 25. b4 a5 26.
a3 Ba6 27. Qb2 Bc4 28. h3 Rb8 29. Qc3 Kh7 30. c6 Nb6 31. bxa5 Na4 32. Qe5 Re8
33. Qxe7 Rxe7 34. Rb1 Nc5 35. Nd4 Nfe4 36. Rb8 Nd6 37. Rdb1 Rc7 38. Rd8 Nc8 39.
Rb7 Nxb7 40. cxb7 Rxb7 41. Rxc8 Rb1+ 42. Kh2 Ra1 43. Rc7 Kg8 44. Nc2 Ra2 45.
Rxc4 dxc4 46. a6 Rxc2 47. a7 Rxf2 48. a8=Q+ Kg7 49. Qa4 Ra2 50. Qb4 h5 51. a4
1-0

[Event "Open Vysočina 2017"]
[Site "Třebíč"]
[Date "2017.09.27"]
[Round "5"]
[White "Leutwyler, Mathias"]
[Black "Certek, Pavel"]
[Result "0-1"]
[WhiteElo "2103"]
[BlackElo "2277"]
[PlyCount "78"]
[EventDate "2017.09.23"]

1. d4 g6 2. e4 Bg7 3. Nf3 c5 4. dxc5 Qa5+ 5. c3 Qxc5 6. Na3 Nf6 7. Be3 Qa5 8.
Nc4 Qc7 9. Nd4 Nc6 10. Nb5 Qb8 11. e5 Nxe5 12. Nxe5 Qxe5 13. Be2 Qb8 14. Bf3
O-O 15. O-O a6 16. Na3 d5 17. Re1 Qc7 18. Qd4 Bf5 19. Bf4 Qd8 20. Rad1 b5 21.
Qb4 Re8 22. h3 Qb6 23. Be3 Qc7 24. Bc5 Bf8 25. Be3 Rad8 26. Qb3 Bg7 27. Rc1 e5
28. Nc2 Be6 29. Qa3 a5 30. Qc5 Qxc5 31. Bxc5 Nd7 32. Bd6 d4 33. cxd4 exd4 34.
Red1 Bxa2 35. Nxd4 Ne5 36. Bxe5 Bxe5 37. Nc6 Rxd1+ 38. Rxd1 a4 39. Re1 Bh2+ 0-1

[Event "Open Vysočina 2017"]
[Site "Třebíč"]
[Date "2017.09.27"]
[Round "5"]
[White "Piankov, Evgenij"]
[Black "Siebenburger, Vlastimil"]
[Result "1-0"]
[WhiteElo "2258"]
[BlackElo "2059"]
[PlyCount "107"]
[EventDate "2017.09.23"]

1. d4 {[%emt 0:00:00]} d5 2. e3 Nf6 3. Bd3 c5 4. c3 e6 5. f4 Bd6 6. Nf3 Ne4 7.
O-O Qc7 8. b3 cxd4 9. cxd4 Nc6 10. Bb2 Nb4 11. Ne5 O-O 12. Na3 Nxd3 13. Qxd3 a6
14. Rfc1 Qe7 15. Nac4 Bc7 16. Nd2 Nxd2 17. Qxd2 f6 18. Nd3 Bd6 19. Bc3 Bd7 20.
Bb4 Bc6 21. Rc2 Rfc8 22. Rac1 Bd7 23. Bc5 Kf7 24. a4 a5 25. Bb6 e5 26. Rxc8
Bxc8 27. dxe5 fxe5 28. Nxe5+ Bxe5 29. Qxd5+ Qe6 30. Qxe5 Qxe5 31. fxe5 Be6 32.
Rc7+ Kg6 33. Rxb7 Bxb3 34. e6 Bxe6 35. Bd4 Bf7 36. Rb6+ Kf5 37. Bxg7 Be8 38.
Rf6+ Ke4 39. Kf2 Rc8 40. Rf4+ Kd3 41. Rd4+ Kc2 42. g4 Kb3 43. g5 Bxa4 44. Rd6
Bb5 45. Rh6 Kc4 46. h4 Rc7 47. Bd4 a4 48. h5 Be8 49. g6 hxg6 50. hxg6 a3 51. g7
Bf7 52. Rh8 a2 53. g8=Q Bxg8 54. Rxg8 1-0

[Event "Open Vysočina 2017"]
[Site "Třebíč"]
[Date "2017.09.27"]
[Round "5"]
[White "Walek, Petr"]
[Black "Vincze, Roman"]
[Result "1-0"]
[WhiteElo "2167"]
[BlackElo "2099"]
[PlyCount "39"]
[EventDate "2017.09.23"]

1. e4 e6 2. d4 d5 3. Nc3 Nf6 4. Bg5 dxe4 5. Nxe4 Be7 6. Bxf6 Bxf6 7. Nf3 O-O 8.
Qd2 b6 9. Nxf6+ Qxf6 10. Bd3 Bb7 11. Ng5 g6 12. O-O-O Nc6 13. h4 h6 14. Ne4
Qxd4 15. Qxh6 Nb4 16. h5 Bxe4 17. hxg6 Nxd3+ 18. Rxd3 Qg7 19. gxf7+ Rxf7 20.
Rg3 1-0

[Event "Open Vysočina 2017"]
[Site "Třebíč"]
[Date "2017.09.27"]
[Round "5"]
[White "Pavlis, Jaromir"]
[Black "Lampir, Tomas"]
[Result "1-0"]
[WhiteElo "1879"]
[BlackElo "2077"]
[PlyCount "71"]
[EventDate "2017.09.23"]

1. Nf3 Nf6 2. d4 d5 3. Bf4 c5 4. e3 Nc6 5. c3 e6 6. Nbd2 Be7 7. Bb5 a6 8. Bxc6+
bxc6 9. O-O O-O 10. h3 a5 11. Qc2 cxd4 12. cxd4 Ba6 13. Rfc1 c5 14. dxc5 Rc8
15. c6 Bd6 16. Bxd6 Qxd6 17. Qa4 e5 18. Qxa5 Be2 19. Qc5 Qe6 20. b4 g5 21. Nh2
Kh8 22. b5 Rg8 23. Nhf1 g4 24. h4 g3 25. f3 e4 26. fxe4 dxe4 27. Rc4 Rg4 28.
Rd4 Rxh4 29. Rd6 Qg4 30. Qe5 Bxf1 31. Qxf6+ Kg8 32. Nxf1 Re8 33. Rd8 Rxd8 34.
Qxd8+ Kg7 35. Qd4+ Kg8 36. c7 1-0

[Event "Open Vysočina 2017"]
[Site "Třebíč"]
[Date "2017.09.27"]
[Round "5"]
[White "Heppell, Ian N"]
[Black "Brasoy, Aksel"]
[Result "1-0"]
[WhiteElo "2034"]
[BlackElo "1964"]
[PlyCount "155"]
[EventDate "2017.09.23"]

1. e4 c5 2. Nf3 e6 3. c3 Nf6 4. e5 Nd5 5. d4 cxd4 6. cxd4 d6 7. a3 Bd7 8. Bd3
Bc6 9. O-O Nd7 10. Re1 dxe5 11. dxe5 Be7 12. b4 a6 13. Qe2 Ba4 14. Bd2 Rc8 15.
Qe4 Nf8 16. h4 h6 17. Rc1 Rxc1+ 18. Bxc1 Qc7 19. Bb2 Nd7 20. Nbd2 Bc6 21. Qg4
Kf8 22. Rc1 Qb8 23. Ne4 Nc7 24. Nd6 Bxd6 25. exd6 Ne8 26. Ne5 Qxd6 27. Nxd7+
Qxd7 28. Rd1 Qe7 29. Bd4 Kg8 30. Qf4 h5 31. Bc5 Qf6 32. Qg3 e5 33. Re1 Qf4 34.
Rxe5 Qxg3 35. fxg3 Nf6 36. Re7 Nd5 37. Re5 Rh6 38. Bc4 Nc7 39. Be3 Rd6 40. Rxh5
Bb5 41. Bxb5 Nxb5 42. a4 Nc3 43. a5 Ne4 44. Kh2 Nf6 45. Rg5 Rd7 46. Kh3 g6 47.
Re5 Nd5 48. Bc5 Kh7 49. Kg4 Nc3 50. Re7 Rxe7 51. Bxe7 Nd5 52. Bc5 Kg7 53. Kf3
Kf6 54. Ke4 Ke6 55. g4 f5+ 56. gxf5+ gxf5+ 57. Kf3 Kf6 58. g4 fxg4+ 59. Kxg4
Kg6 60. h5+ Kh6 61. Bf8+ Kh7 62. Kf5 b6 63. axb6 Nxb6 64. Ke6 Kg8 65. Bc5 Na4
66. Kd5 Kh7 67. Be3 Nc3+ 68. Kc6 Ne4 69. Kb6 Nf6 70. Kxa6 Nxh5 71. b5 Nf6 72.
b6 Nd7 73. b7 Kg6 74. Kb5 Kf5 75. Kc6 Ke6 76. Kc7 Ke7 77. Bf4 Ke6 78. Bd6 1-0

[Event "Open Vysočina 2017"]
[Site "Třebíč"]
[Date "2017.09.27"]
[Round "5"]
[White "Navratil-Sen., Jiri"]
[Black "Spanton, Tim R"]
[Result "0-1"]
[WhiteElo "2013"]
[BlackElo "1858"]
[PlyCount "42"]
[EventDate "2017.09.23"]

1. d4 {[%emt 0:00:00]} d5 {[%emt 0:00:09]} 2. Nf3 e6 3. c3 Nc6 4. Bf4 Bd6 5. e3
Nf6 6. Nbd2 Nh5 7. g3 Nxf4 8. exf4 Qe7 9. Bd3 f6 10. Qe2 e5 11. fxe5 fxe5 12.
Bb5 e4 13. Nh4 O-O 14. O-O-O a6 15. Bxc6 bxc6 16. Ng2 a5 17. Ne1 Ba6 18. Qe3
Rab8 19. f4 Ba3 20. Nb1 Rxb2 21. Nxa3 Qxa3 0-1

[Event "Open Vysočina 2017"]
[Site "Třebíč"]
[Date "2017.09.27"]
[Round "5"]
[White "Kalveus, Jan"]
[Black "Tesar, Jan"]
[Result "0-1"]
[WhiteElo "1867"]
[BlackElo "2118"]
[PlyCount "138"]
[EventDate "2017.09.23"]

1. d4 {[%emt 0:00:00]} d5 2. Nf3 Nc6 3. Bf4 Bf5 4. e3 e6 5. Bb5 Nge7 6. O-O a6
7. Ba4 b5 8. Bb3 Ng6 9. Bg3 Bd6 10. a4 Bxg3 11. hxg3 b4 12. a5 Qd6 13. Re1 O-O
14. Nbd2 Bg4 15. Nf1 Rab8 16. Qd3 Nce7 17. N1d2 Rb5 18. e4 c6 19. Nh2 f5 20. e5
Qc7 21. f3 Bh5 22. g4 fxg4 23. fxg4 Nf4 24. Qe3 Be8 25. Rf1 Nfg6 26. Rxf8+ Nxf8
27. Qh3 c5 28. Qf3 Rxa5 29. Rf1 Nfg6 30. c4 cxd4 31. cxd5 Qxe5 32. Nc4 Qg5 33.
Nxa5 exd5 34. Nb7 h6 35. Nd6 Bd7 36. Nf5 Bxf5 37. gxf5 Nh4 38. Qf2 Nexf5 39.
Nf3 Qg4 40. Nxh4 Nxh4 41. Qf7+ Kh8 42. Qf8+ Kh7 43. Bc2+ Ng6 44. Qf7 d3 45. Bd1
Qd4+ 46. Qf2 Qe5 47. Re1 Qg5 48. Rf1 a5 49. Bb3 Qe5 50. Re1 Qg5 51. Qf3 Nf4 52.
Rf1 Ne2+ 53. Kh2 Qe5+ 54. g3 Nxg3 55. Qxg3 Qxb2+ 56. Qf2 Qxb3 57. Qd2 Qc2 58.
Rf2 b3 59. Qf4 Qc8 60. Qd4 Qc4 61. Qe5 Qe4 62. Qc3 a4 63. Rg2 d4 64. Qb4 Qe3
65. Qxa4 d2 66. Qd7 Qf4+ 67. Kh3 Qe3+ 68. Kh2 Qe5+ 69. Rg3 d1=Q 0-1

[Event "Open Vysočina 2017"]
[Site "Třebíč"]
[Date "2017.09.27"]
[Round "5"]
[White "Zacharias, Miroslav"]
[Black "Freeland, Alex"]
[Result "0-1"]
[WhiteElo "1777"]
[BlackElo "1988"]
[PlyCount "74"]
[EventDate "2017.09.23"]

1. e4 {[%emt 0:00:00]} e6 2. d4 d5 3. Nd2 c5 4. dxc5 Bxc5 5. Nb3 Bb6 6. exd5
Nf6 7. Bb5+ Bd7 8. Bxd7+ Qxd7 9. Nf3 Nxd5 10. O-O O-O 11. Qe2 Nc6 12. Rd1 Rad8
13. Bd2 Qe7 14. a3 e5 15. c4 Nf6 16. Bc3 Ng4 17. c5 Bc7 18. h3 Nf6 19. Qc4 e4
20. Re1 Rfe8 21. Nbd4 Ne5 22. Nxe5 Qxe5 23. g3 Qg5 24. Ne2 Qf5 25. Kg2 Qf3+ 26.
Kg1 e3 27. fxe3 Bxg3 28. Rf1 Qxe3+ 29. Kg2 Qxe2+ 30. Qxe2 Rxe2+ 31. Kxg3 Rd3+
32. Rf3 Ne4+ 33. Kf4 g5+ 34. Kg4 h5+ 35. Kxh5 Rxf3 36. h4 Rh3 37. Be1 Rxe1 0-1

[Event "Open Vysočina 2017"]
[Site "Třebíč"]
[Date "2017.09.27"]
[Round "5"]
[White "Svizensky, Lubos"]
[Black "Keerthana, Easwar"]
[Result "1-0"]
[WhiteElo "1976"]
[BlackElo "1159"]
[PlyCount "61"]
[EventDate "2017.09.23"]

1. d4 {[%emt 0:00:00]} Nf6 2. Nf3 e6 3. a3 b6 4. g3 Bb7 5. Bg2 Be7 6. O-O d6 7.
c4 O-O 8. Nc3 Nbd7 9. Qc2 c5 10. Rd1 Rc8 11. d5 exd5 12. Nh4 Ba6 13. Nxd5 Nxd5
14. Rxd5 Bxh4 15. Rh5 Nf6 16. Rxh4 h6 17. b3 Qc7 18. Bb2 Nh7 19. Rg4 f6 20. Qg6
Kh8 21. Be4 Ng5 22. Rxg5 Kg8 23. Qh7+ Kf7 24. Rxg7+ Ke8 25. Rxc7 Rxc7 26. Qxc7
Rf7 27. Bg6 h5 28. Bxf7+ Kf8 29. Be6 Ke8 30. Qf7+ Kd8 31. Qd7# 1-0

[Event "Open Vysočina 2017"]
[Site "Třebíč"]
[Date "2017.09.27"]
[Round "5"]
[White "Svoboda, Ivo"]
[Black "Privoznik, Lubos"]
[Result "1-0"]
[WhiteElo "1949"]
[BlackElo "1658"]
[PlyCount "55"]
[EventDate "2017.09.23"]

1. d4 e6 2. c4 Nf6 3. Nc3 b6 4. Nf3 Bb7 5. e3 Be7 6. Be2 O-O 7. O-O d5 8. Qc2
Nbd7 9. b3 Re8 10. Bb2 Ba6 11. Rfe1 Bb4 12. a3 Bd6 13. Rad1 Qe7 14. h3 c6 15.
Rc1 Rac8 16. c5 Bb7 17. cxd6 Qxd6 18. b4 e5 19. dxe5 Nxe5 20. Red1 c5 21. Nb5
Nxf3+ 22. Bxf3 Qd7 23. Nc3 cxb4 24. axb4 Ne4 25. Bxe4 Rxe4 26. Qxe4 Re8 27. Qd4
Re6 28. Nxd5 1-0

[Event "Open Vysočina 2017"]
[Site "Třebíč"]
[Date "2017.09.27"]
[Round "5"]
[White "Stork, Rostislav"]
[Black "Mezlik, Stanislav"]
[Result "0-1"]
[WhiteElo "1764"]
[BlackElo "1903"]
[PlyCount "46"]
[EventDate "2017.09.23"]

1. e4 e5 2. Nf3 Nc6 3. Nc3 Nf6 4. Bb5 Bb4 5. O-O O-O 6. a3 Bc5 7. d3 Nd4 8. Bg5
c6 9. Bc4 h6 10. Be3 d5 11. exd5 cxd5 12. Na4 Bd6 13. Ba2 Bg4 14. Bxd4 exd4 15.
b4 Qd7 16. Bb3 Qf5 17. Nxd4 Qh5 18. f3 Qxh2+ 19. Kf2 Rfe8 20. fxg4 Qh4+ 21. Kg1
Bh2+ 22. Kh1 Bg3+ 23. Kg1 Qh2# 0-1

[Event "Open Vysočina 2017"]
[Site "Třebíč"]
[Date "2017.09.27"]
[Round "5"]
[White "Tarimo, Didik Widiarso"]
[Black "Aird, Ian"]
[Result "1-0"]
[WhiteElo "1542"]
[BlackElo "1809"]
[PlyCount "23"]
[EventDate "2017.09.23"]

1. d4 {[%emt 0:00:00]} g6 2. Bf4 Bg7 3. e3 d6 4. Nf3 Nd7 5. Be2 e5 6. Bg3 Nh6
7. Bh4 f6 8. dxe5 dxe5 9. Bc4 Qe7 10. c3 Nc5 11. b4 Be6 12. bxc5 1-0

[Event "Open Vysočina 2017"]
[Site "Třebíč"]
[Date "2017.09.27"]
[Round "5"]
[White "Divis, Jan"]
[Black "Oburka, Vladislav"]
[Result "0-1"]
[WhiteElo "1570"]
[BlackElo "1808"]
[PlyCount "120"]
[EventDate "2017.09.23"]

1. d4 {[%emt 0:00:00]} Nf6 2. Bf4 g6 3. e3 Bg7 4. Be2 O-O 5. c3 d6 6. Nf3 Nbd7
7. O-O Nh5 8. Bg3 Nxg3 9. hxg3 e5 10. dxe5 dxe5 11. Nbd2 Qe7 12. Qc2 Rd8 13.
Rfd1 Nc5 14. Nf1 Bf5 15. Rxd8+ Rxd8 16. Qc1 Nd3 17. Bxd3 Bxd3 18. Ne1 e4 19.
Nxd3 Rxd3 20. Qc2 Qd6 21. Re1 c5 22. Re2 b5 23. Rd2 c4 24. Rxd3 exd3 25. Qd2 a5
26. a3 Bf8 27. Qc1 Qd5 28. Nd2 f5 29. Kf1 Bd6 30. Qd1 Qc5 31. Qf3 b4 32. Qa8+
Bf8 33. axb4 axb4 34. Qa6 bxc3 35. bxc3 Bg7 36. Qxc4+ Qxc4 37. Nxc4 Bxc3 38. f3
Kf7 39. e4 fxe4 40. Nd6+ Ke6 41. Nxe4 Bd4 42. Ng5+ Kd5 43. Nxh7 Bc3 44. Ng5 Kd4
45. Ne4 Bb4 46. Nf2 Ke3 47. Nd1+ Kd2 48. Nb2 Kc2 49. Nxd3 Kxd3 50. g4 Ke3 51.
Kg1 Kf4 52. Kh2 Bc5 53. Kh3 Bg1 54. Kh4 g5+ 55. Kh5 Bf2 56. Kg6 Be3 57. Kf6 Kg3
58. Kf5 Kxg2 59. Ke4 Bf4 60. Kf5 Kxf3 0-1

[Event "Open Vysočina 2017"]
[Site "Třebíč"]
[Date "2017.09.27"]
[Round "5"]
[White "Rychtecky, Pavel"]
[Black "Dhruv, Easwar"]
[Result "1-0"]
[WhiteElo "1527"]
[BlackElo "1781"]
[PlyCount "85"]
[EventDate "2017.09.23"]

1. e4 e5 2. Nf3 Nc6 3. Bb5 a6 4. Ba4 Nf6 5. O-O Be7 6. c3 b5 7. Bc2 O-O 8. Re1
d6 9. h3 Re8 10. a3 Bf8 11. d3 Na5 12. b4 Nb7 13. Nbd2 c5 14. Nf1 Qc7 15. Bg5
Be7 16. Bb3 Nd8 17. Ne3 g6 18. Bxf6 Bb7 19. Bxe7 Qxe7 20. Nd5 Bxd5 21. Bxd5 Rc8
22. Qd2 Qf8 23. Rac1 Kg7 24. c4 Re7 25. cxb5 axb5 26. bxc5 dxc5 27. Qb2 f6 28.
Qxb5 Ra7 29. Rc3 Qd6 30. Rb1 Rcc7 31. Rbb3 f5 32. Qb6 Qd7 33. Nxe5 Qe7 34. Nf3
fxe4 35. Bxe4 Ra4 36. Qb5 Rca7 37. Qxc5 Qf7 38. Qe5+ Kf8 39. Ng5 Qg8 40. Rb8
Rd7 41. Qf6+ Ke8 42. Bc6 Ra8 43. Rxa8 1-0

[Event "Open Vysočina 2017"]
[Site "Třebíč"]
[Date "2017.09.27"]
[Round "5"]
[White "Michalek, Miroslav"]
[Black "Reimer, Karl"]
[Result "0-1"]
[WhiteElo "1720"]
[BlackElo "1537"]
[PlyCount "50"]
[EventDate "2017.09.23"]

1. e4 {[%emt 0:00:00]} c5 2. Nf3 Nc6 3. Nc3 d6 4. g3 g6 5. Bg2 Bg7 6. d3 Nf6 7.
O-O O-O 8. h3 a6 9. Be3 Bd7 10. Qd2 Re8 11. Nh4 Qc8 12. Kh2 Qd8 13. f4 e6 14.
Rab1 Rb8 15. Ne2 b5 16. f5 Ne5 17. fxg6 fxg6 18. Nf3 Nf7 19. Ng5 Rf8 20. Nxf7
Rxf7 21. Bg5 b4 22. Rf2 Qf8 23. Rbf1 Ng4+ 24. hxg4 Rxf2 25. Rh1 Qf3 0-1

[Event "Open Vysočina 2017"]
[Site "Třebíč"]
[Date "2017.09.27"]
[Round "5"]
[White "Ruzicka, Vaclav"]
[Black "Navratilova, Alena"]
[Result "1/2-1/2"]
[WhiteElo "1528"]
[BlackElo "1692"]
[PlyCount "81"]
[EventDate "2017.09.23"]

1. c4 c5 2. g3 g6 3. Bg2 Bg7 4. Nc3 Nf6 5. e4 d6 6. Nge2 Nc6 7. O-O O-O 8. d3
a6 9. a4 Rb8 10. h3 Bd7 11. Kh2 e5 12. f4 exf4 13. Bxf4 Be6 14. Rb1 Nh5 15. Be3
Be5 16. Bf4 Nxf4 17. Nxf4 Qg5 18. h4 Qe7 19. Nxe6 fxe6 20. Qg4 Nd4 21. Rbe1 Qg7
22. Ne2 h5 23. Rxf8+ Rxf8 24. Qh3 Qe7 25. Nxd4 Bxd4 26. Re2 Rf6 27. b3 Kg7 28.
Kh1 b6 29. Kh2 Qf7 30. Bh1 Rf2+ 31. Rxf2 Qxf2+ 32. Qg2 Kf6 33. Qxf2+ Bxf2 34.
Kg2 Be1 35. Kf3 Ke5 36. Bg2 Kf6 37. Bh3 e5 38. Bc8 a5 39. Bh3 g5 40. hxg5+ Kxg5
41. Bc8 1/2-1/2

[Event "Open Vysočina 2017"]
[Site "Třebíč"]
[Date "2017.09.27"]
[Round "5"]
[White "Norlander, Svante"]
[Black "Zelena, Irena"]
[Result "1-0"]
[WhiteElo "1583"]
[BlackElo "1164"]
[PlyCount "35"]
[EventDate "2017.09.23"]

1. e4 {[%emt 0:00:00]} d5 2. exd5 Qxd5 3. Nc3 Qe6+ 4. Be2 b6 5. d4 Bb7 6. d5
Qd7 7. Nf3 Nf6 8. Bc4 Rg8 9. Bf4 Nh5 10. Ne5 Qf5 11. Bb5+ Kd8 12. Nc6+ Bxc6 13.
dxc6+ Ke8 14. Bxc7 Qe6+ 15. Kf1 Qc8 16. Bxb8 Rxb8 17. c7+ Qd7 18. Bxd7# 1-0

[Event "Open Vysočina 2017"]
[Site "Třebíč"]
[Date "2017.09.27"]
[Round "5"]
[White "Kovacs, Ivan"]
[Black "Micka, Josef"]
[Result "1/2-1/2"]
[WhiteElo "1552"]
[BlackElo "1345"]
[PlyCount "48"]
[EventDate "2017.09.23"]

1. d4 {[%emt 0:00:00]} d6 2. e3 Nf6 3. Nf3 g6 4. c4 Bg7 5. Be2 c5 6. O-O cxd4
7. exd4 O-O 8. Nc3 Bg4 9. h3 Bd7 10. Be3 a5 11. a4 Nc6 12. Qd2 Nb4 13. Na2 Nxa2
14. Rxa2 Ne4 15. Qc1 b6 16. Bh6 f5 17. Bxg7 Kxg7 18. Ng5 Nxg5 19. Qxg5 Rf6 20.
d5 Qc7 21. h4 h6 22. Qf4 e6 23. b3 e5 24. Qh2 f4 1/2-1/2

[Event "Open Vysočina 2017"]
[Site "Třebíč"]
[Date "2017.09.27"]
[Round "5"]
[White "Zeleny, Ondrej"]
[Black "Palla, Ivan"]
[Result "1/2-1/2"]
[WhiteElo "1356"]
[BlackElo "1550"]
[PlyCount "42"]
[EventDate "2017.09.23"]

1. Nf3 {[%emt 0:00:00]} f5 2. d4 Nf6 3. c4 e6 4. Nc3 Be7 5. Bf4 d6 6. e3 O-O 7.
Bd3 Nbd7 8. O-O Nh5 9. Ne2 b6 10. Bg3 Bb7 11. Nd2 Qe8 12. f3 Nxg3 13. Nxg3 g6
14. e4 Bf6 15. Nb3 c5 16. Bc2 Rc8 17. exf5 exf5 18. Re1 Qf7 19. dxc5 dxc5 20.
Re2 Rce8 21. Bd3 Ne5 1/2-1/2

[Event "Open Vysočina 2017"]
[Site "Třebíč"]
[Date "2017.09.28"]
[Round "6"]
[White "Certek, Pavel"]
[Black "Bick, Gabriel J"]
[Result "1/2-1/2"]
[WhiteElo "2277"]
[BlackElo "2264"]
[PlyCount "29"]
[EventDate "2017.09.23"]

1. d4 Nf6 2. Nf3 g6 3. g3 Bg7 4. Bg2 O-O 5. O-O d6 6. b3 c5 7. Bb2 cxd4 8. Nxd4
d5 9. Nf3 Nc6 10. Na3 Qa5 11. Qe1 Qxe1 12. Rfxe1 Bf5 13. c4 Be4 14. cxd5 Nxd5
15. Bxg7 1/2-1/2

[Event "Open Vysočina 2017"]
[Site "Třebíč"]
[Date "2017.09.28"]
[Round "6"]
[White "Walek, Petr"]
[Black "Plischki, Sebastian"]
[Result "1/2-1/2"]
[WhiteElo "2167"]
[BlackElo "2397"]
[PlyCount "99"]
[EventDate "2017.09.23"]

1. e4 {[%emt 0:00:00]} e5 2. Nf3 Nc6 3. d4 exd4 4. Nxd4 Nf6 5. Nxc6 bxc6 6. e5
Qe7 7. Qe2 Nd5 8. c4 Nb6 9. b3 Qe6 10. Bb2 a5 11. a4 Bb4+ 12. Nd2 O-O 13. O-O-O
Qh6 14. Qf3 Rb8 15. Bc3 c5 16. Bxb4 Bb7 17. Qg4 cxb4 18. Bd3 Rbe8 19. Rhe1 d6
20. f4 dxe5 21. fxe5 Re7 22. Qg3 Rfe8 23. Re3 Nd7 24. e6 fxe6 25. Rde1 e5 26.
Kc2 Qd6 27. Ne4 Bxe4 28. Bxe4 Nf6 29. Rd3 Qc5 30. Qe3 Qxe3 31. Rexe3 g6 32. h3
Kg7 33. Rd2 Re6 34. c5 R8e7 35. Rd8 Nxe4 36. Rxe4 Rc6 37. Rd5 Rf6 38. Kd3 Rf2
39. c6 Rb2 40. Rxa5 Rxb3+ 41. Kc4 Rc3+ 42. Kxb4 Rxc6 43. Raxe5 Rxe5 44. Rxe5
Rc2 45. Rc5 Rxg2 46. Rxc7+ Kh6 47. a5 Rb2+ 48. Ka4 Ra2+ 49. Kb4 Rb2+ 50. Ka4
1/2-1/2

[Event "Open Vysočina 2017"]
[Site "Třebíč"]
[Date "2017.09.28"]
[Round "6"]
[White "Pavlis, Jaromir"]
[Black "Piankov, Evgenij"]
[Result "0-1"]
[WhiteElo "1879"]
[BlackElo "2258"]
[PlyCount "98"]
[EventDate "2017.09.23"]

1. Nf3 {[%emt 0:00:00]} d5 2. d4 e6 3. Bf4 Bd6 4. Bxd6 Qxd6 5. c3 Nf6 6. Nbd2
O-O 7. e3 c5 8. Be2 Nc6 9. O-O Rb8 10. Bb5 a6 11. Bxc6 bxc6 12. b3 cxd4 13.
cxd4 c5 14. Qc2 cxd4 15. Nxd4 Bd7 16. Rfc1 Rfc8 17. Qb2 h6 18. h3 a5 19. Rxc8+
Rxc8 20. Rc1 Rxc1+ 21. Qxc1 a4 22. Qb2 axb3 23. axb3 Qb4 24. N4f3 Bb5 25. Qc2
Ba6 26. Kh2 Qd6+ 27. Kg1 Nd7 28. Nd4 Ne5 29. N2f3 Nd3 30. Qc6 Qxc6 31. Nxc6 Kf8
32. Nce5 Nc1 33. Nd2 Ke7 34. f4 f6 35. Nef3 Kd6 36. Nd4 Bd3 37. Kf2 e5 38.
fxe5+ fxe5 39. N4f3 Bc2 40. g4 Nxb3 41. Nxb3 Bxb3 42. Ke2 Ke6 43. Kf2 Bc2 44.
Kg3 Be4 45. Nd2 Bd3 46. Nf3 Be2 47. Nh4 Kf6 48. Ng2 Bd3 49. h4 Be4 0-1